[Event "Biel HTO 56th"]
[Site "Biel"]
[Date "2023.07.25"]
[Round "8"]
[White "Ehsani, Yassamin L"]
[Black "Misiano, Franco"]
[Result "1-0"]
[WhiteElo "2106"]
[BlackElo "2133"]
[PlyCount "101"]
[EventDate "2023.07.17"]
[EventType "swiss"]
[EventRounds "10"]
[EventCountry "SUI"]
[SourceTitle "CBM 215 Extra"]
[Source "ChessBase"]
[SourceDate "2023.09.30"]
[SourceVersion "1"]
[SourceVersionDate "2023.09.30"]
[SourceQuality "1"]

1. d4 d5 2. c4 c6 3. Nc3 Nf6 4. e3 e6 5. Nf3 Nbd7 6. Be2 Bd6 7. 0-0 0-0 8. Qc2 b6 9. e4 dxe4 10. Nxe4 Nxe4 11. Qxe4 Bb7 12. b4 Nf6 13. Qc2 c5 14. dxc5 bxc5 15. b5 Qc7 16. h3 Rad8 17. Bb2 Ne4 18. Bd3 f5 19. Bxe4 Bxe4 20. Qc3 h6 21. Ne5 Bxe5 22. Qxe5 Qxe5 23. Bxe5 Bd3 24. Rfc1 f4 25. a4 Rf5 26. Bc7 Rd7 27. Rd1 Rff7 28. a5 Bxc4 29. Rxd7 Rxd7 30. b6 axb6 31. axb6 Bd5 32. Rd1 Re7 33. Rxd5 exd5 34. b7 Re1+ 35. Kh2 Rb1 36. b8Q+ Rxb8 37. Bxb8 g5 38. Ba7 c4 39. Bd4 Kf7 40. f3 Ke6 41. Kg1 h5 42. Kf2 Kf5 43. Ke2 g4 44. h4 Ke6 45. Kd2 gxf3 46. gxf3 Kd6 47. Kc3 Kc6 48. Kb4 Kd6 49. Kb5 Kd7 50. Kc5 Ke6 51. Kc6 1-0

[Event "Biel HTO 56th"]
[Site "Biel"]
[Date "2023.07.24"]
[Round "7"]
[White "Ehsani, Yassamin L"]
[Black "Kocharin, Timur"]
[Result "0-1"]
[WhiteElo "2106"]
[BlackElo "2225"]
[PlyCount "76"]
[EventDate "2023.07.17"]
[EventType "swiss"]
[EventRounds "10"]
[EventCountry "SUI"]
[SourceTitle "CBM 215 Extra"]
[Source "ChessBase"]
[SourceDate "2023.09.30"]
[SourceVersion "1"]
[SourceVersionDate "2023.09.30"]
[SourceQuality "1"]

1. d4 Nf6 2. c4 g6 3. Nc3 Bg7 4. e4 d6 5. f3 0-0 6. Nge2 c5 7. d5 e6 8. Ng3 exd5 9. cxd5 a6 10. a4 h5 11. Bg5 Nbd7 12. Be2 Qc7 13. 0-0 c4 14. Qd2 Rb8 15. Rfc1 b5 16. axb5 axb5 17. b4 Ne5 18. Be3 h4 19. Nh1 h3 20. g3 Bd7 21. Ra2 Ra8 22. Rca1 Rxa2 23. Rxa2 Nh7 24. Ra7 Qc8 25. Nf2 f5 26. Bd4 fxe4 27. Ncxe4 Nxf3+ 28. Bxf3 Rxf3 29. Bxg7 Kxg7 30. Qe2 Rb3 31. Nd2 Nf8 32. Qe7+ Kh8 33. Qf6+ Kg8 34. Ng4 Qe8 35. Qf2 Bxg4 36. Nxb3 cxb3 37. Ra1 Bf5 38. Rf1 Qe4 0-1

[Event "Biel HTO 56th"]
[Site "Biel"]
[Date "2023.07.20"]
[Round "4"]
[White "Ehsani, Yassamin L"]
[Black "Jinan, Jomon"]
[Result "0-1"]
[WhiteElo "2106"]
[BlackElo "2409"]
[PlyCount "112"]
[EventDate "2023.07.17"]
[EventType "swiss"]
[EventRounds "10"]
[EventCountry "SUI"]
[SourceTitle "CBM 215 Extra"]
[Source "ChessBase"]
[SourceDate "2023.09.30"]
[SourceVersion "1"]
[SourceVersionDate "2023.09.30"]
[SourceQuality "1"]

1. d4 Nf6 2. c4 e6 3. Nf3 Bb4+ 4. Nbd2 b6 5. a3 Bxd2+ 6. Bxd2 Bb7 7. g3 Bxf3 8. exf3 0-0 9. Be3 d5 10. b3 dxc4 11. bxc4 Nc6 12. Bg2 Qd6 13. Qd3 Rad8 14. Rd1 Ne7 15. 0-0 c5 16. Qb3 cxd4 17. Rxd4 Qc7 18. Rxd8 Rxd8 19. Rc1 Nd7 20. Qb5 Nf5 21. Bf4 Qc8 22. Rd1 Nc5 23. Rxd8+ Qxd8 24. Qc6 h6 25. h4 Nd3 26. Qe4 Nxf4 27. Qxf4 Qe7 28. a4 Qd6 29. Qxd6 Nxd6 30. Bf1 Kf8 31. Bd3 Ke7 32. Kf1 Kd7 33. Ke2 Kc6 34. Kd2 e5 35. Kc3 Kc5 36. Be2 Nf5 37. Bd3 Nd6 38. Be2 f6 39. Bd3 Ne8 40. Bf5 Nc7 41. Bc8 Ne8 42. Bf5 g5 43. hxg5 fxg5 44. g4 Nd6 45. Be6 e4 46. Bd5 exf3 47. Kd3 Kb4 48. Kd4 a5 49. Kd3 Kxa4 50. Kc3 Ka3 51. Bxf3 Ne8 52. Bc6 Nc7 53. Bd7 Na6 54. Bc6 Nc5 55. f3 Na4+ 56. Kd4 Kb4 0-1

[Event "Foxwoods op 15th"]
[Site "Ledyard"]
[Date "2023.04.09"]
[Round "8"]
[White "Caglar, Sila"]
[Black "Ehsani, Yassamin L"]
[Result "1-0"]
[WhiteElo "2264"]
[BlackElo "2037"]
[PlyCount "39"]
[EventDate "2023.04.05"]
[EventType "swiss"]
[EventRounds "9"]
[EventCountry "USA"]
[SourceTitle "CBM 213 Extra"]
[Source "ChessBase"]
[SourceDate "2023.05.31"]
[SourceVersion "1"]
[SourceVersionDate "2023.05.31"]
[SourceQuality "1"]

1. e4 e6 2. d4 d5 3. Bd3 c5 4. exd5 exd5 5. Nf3 Nf6 6. 0-0 c4 7. Re1+ Be7 8. Bf1 0-0 9. h3 Nc6 10. b3 cxb3 11. axb3 Ne4 12. Bb2 Be6 13. Nbd2 f5 14. c4 Bf6 15. Ne5 Qb6 16. cxd5 Bxe5 17. Nxe4 Bxd5 18. dxe5 Bxb3 19. Nf6+ Rxf6 20. exf6 1-0

[Event "North American-ch U20 Girls"]
[Site "Charlotte"]
[Date "2020.12.20"]
[Round "3"]
[White "Ehsani, Yassamin L"]
[Black "Vittal, Sanjana"]
[Result "1/2-1/2"]
[WhiteElo "1923"]
[BlackElo "1961"]
[PlyCount "69"]
[EventDate "2020.12.19"]
[EventType "swiss"]
[EventRounds "9"]
[EventCountry "USA"]
[SourceTitle "CBM 199 Extra"]
[Source "ChessBase"]
[SourceDate "2021.01.31"]
[SourceVersion "1"]
[SourceVersionDate "2021.01.31"]
[SourceQuality "1"]

1. d4 d5 2. c4 e6 3. Nc3 Bb4 4. a3 Bxc3+ 5. bxc3 c6 6. e3 Ne7 7. cxd5 cxd5 8. Bd3 0-0 9. Nf3 h6 10. 0-0 b6 11. Qe2 a5 12. a4 Ba6 13. Ba3 Bxd3 14. Qxd3 Re8 15. Rab1 Nd7 16. Nd2 Rc8 17. Rfc1 Rc6 18. Qb5 Qa8 19. c4 Nf6 20. c5 bxc5 21. Bxc5 Rcc8 22. Bxe7 Rxc1+ 23. Rxc1 Rxe7 24. Nb3 Rb7 25. Qc6 Rb8 26. Qxa8 Rxa8 27. f3 Nd7 28. Rc7 Nb6 29. Nc5 Nc4 30. e4 Rb8 31. Rb7 Rxb7 32. Nxb7 Kf8 33. e5 Ke7 34. Kf2 Kd7 35. Nc5+ 1/2-1/2

[Event "Wch U14 Girls"]
[Site "Montevideo"]
[Date "2017.09.18"]
[Round "3"]
[White "Rahulan, Thivyaa"]
[Black "Ehsani, Yassamin L"]
[Result "0-1"]
[WhiteElo "1760"]
[BlackElo "1634"]
[PlyCount "74"]
[EventDate "2017.09.17"]
[EventType "swiss"]
[EventRounds "11"]
[EventCountry "URU"]
[SourceTitle "CBM 180 Extra"]
[Source "ChessBase"]
[SourceDate "2017.10.06"]
[SourceVersion "1"]
[SourceVersionDate "2017.10.06"]
[SourceQuality "1"]

1. e4 c5 2. c3 Nf6 3. e5 Nd5 4. d4 cxd4 5. Nf3 e6 6. cxd4 d6 7. Bc4 Nb6 8. Bb3 Nc6 9. 0-0 Be7 10. Nc3 d5 11. Bf4 0-0 12. Rc1 Bd7 13. Qd2 Rc8 14. a3 Na5 15. Ba2 Nac4 16. Qe2 Qe8 17. Bb1 Kh8 18. Qc2 g6 19. Qe2 Qd8 20. g3 a6 21. h4 Na4 22. Nxa4 Bxa4 23. Bh6 Qb6 24. Bxf8 Rxf8 25. Bd3 Nxb2 26. Rb1 Bxa3 27. Ra1 Qb3 28. Rfb1 Rc8 29. Rxa3 Qxa3 30. Rxb2 Bd1 31. Qxd1 Qxb2 32. Kg2 h6 33. Qa4 Rc6 34. Ne1 Qc3 35. Kf1 Kg7 36. Ke2 Qb2+ 37. Kf1 Qd2 0-1

[Event "Pan American-ch U14 Girls"]
[Site "San Jose"]
[Date "2017.07.01"]
[Round "1"]
[White "Sierra Berrocal, Gabriela"]
[Black "Ehsani, Yassamin L"]
[Result "0-1"]
[WhiteElo "1177"]
[BlackElo "1588"]
[PlyCount "116"]
[EventDate "2017.07.01"]
[EventType "swiss"]
[EventRounds "9"]
[EventCountry "CRI"]
[SourceTitle "EXT 2022"]
[Source "ChessBase"]
[SourceDate "2021.10.06"]
[SourceVersion "1"]
[SourceVersionDate "2021.10.06"]
[SourceQuality "1"]

1. d4 Nf6 2. Bf4 g6 3. Nf3 Bg7 4. Nc3 d6 5. e4 0-0 6. Qd2 Nc6 7. 0-0-0 Nd7 8. d5 Nce5 9. Be2 Nc5 10. Bh6 a6 11. Bxg7 Kxg7 12. h4 h5 13. Nd4 b5 14. f3 b4 15. Nb1 a5 16. Qe3 Ba6 17. Bxa6 Rxa6 18. g4 Rh8 19. Rdg1 e6 20. Qe2 Qf6 21. Nd2 Kf8 22. g5 Qe7 23. Rf1 Ra8 24. dxe6 Nxe6 25. Nxe6+ Qxe6 26. Kb1 Nc6 27. Qd3 Kg7 28. f4 Rad8 29. Rh2 d5 30. f5 Qe5 31. f6+ Kh7 32. Rhf2 Rhe8 33. Re2 Nd4 34. Ree1 c5 35. Qa6 Qh2 36. Rd1 dxe4 37. Qb7 Kg8 38. Rh1 Qf4 39. Qb6 e3 40. Nc4 e2 41. Rc1 Qe4 42. b3 Nf3 43. Qxc5 e1Q 44. Rhxe1 Nxe1 45. Qxa5 Nf3 46. Qxb4 Qxh4 47. Qb7 Nd2+ 48. Nxd2 Rxd2 49. Qb5 Rdd8 50. a4 Qg4 51. Kb2 h4 52. Qf1 Qxg5 53. Qf2 h3 54. Rh1 Rd2 55. Qxd2 Qxd2 56. Rxh3 Rc8 57. Ka3 Qxc2 58. Kb4 Qc5# 0-1

[Event "Wch U12 Girls"]
[Site "Batumi"]
[Date "2016.10.30"]
[Round "11"]
[White "Ehsani, Yassamin L"]
[Black "Zelenskaya, Anastasiya"]
[Result "1-0"]
[WhiteElo "1493"]
[BlackElo "1791"]
[PlyCount "49"]
[EventDate "2016.10.19"]
[EventType "swiss"]
[EventRounds "11"]
[EventCountry "GEO"]
[SourceTitle "EXT 2018"]
[Source "ChessBase"]
[SourceDate "2017.10.13"]
[SourceVersion "1"]
[SourceVersionDate "2017.10.13"]
[SourceQuality "1"]

1. e4 c5 2. Nc3 e6 3. f4 d5 4. Bb5+ Nc6 5. Qe2 Be7 6. Nf3 Nf6 7. d3 0-0 8. Bxc6 bxc6 9. 0-0 Ba6 10. e5 Nd7 11. Ng5 h6 12. Nh3 c4 13. Qh5 cxd3 14. Rf3 f5 15. Qg6 Bc5+ 16. Kh1 Qe8 17. Qxe8 Rfxe8 18. cxd3 Rab8 19. Ng1 Rb7 20. Nge2 Reb8 21. d4 Be7 22. b3 c5 23. dxc5 Nxc5 24. Nd4 Kf7 25. Ba3 1-0

[Event "Wch U12 Girls"]
[Site "Batumi"]
[Date "2016.10.28"]
[Round "9"]
[White "Ehsani, Yassamin L"]
[Black "Tasoshvili, Tamar"]
[Result "1-0"]
[WhiteElo "1493"]
[BlackElo "1404"]
[PlyCount "75"]
[EventDate "2016.10.19"]
[EventType "swiss"]
[EventRounds "11"]
[EventCountry "GEO"]
[SourceTitle "EXT 2018"]
[Source "ChessBase"]
[SourceDate "2017.10.13"]
[SourceVersion "1"]
[SourceVersionDate "2017.10.13"]
[SourceQuality "1"]

1. e4 e5 2. d4 d6 3. Nf3 Nd7 4. Bc4 Be7 5. Nc3 c6 6. 0-0 Ngf6 7. b3 0-0 8. Re1 Qc7 9. Bb2 h6 10. Qe2 exd4 11. Nxd4 Ne5 12. Rad1 Neg4 13. Nf3 Ne5 14. Nxe5 dxe5 15. h3 a6 16. Nb1 b5 17. Bd3 Bb4 18. c3 Bc5 19. a3 Be6 20. b4 Be7 21. c4 Rac8 22. Nd2 Nd7 23. Nf3 f6 24. c5 Rfd8 25. Nh4 Nf8 26. Qh5 Bf7 27. Qg4 Be6 28. Qg3 Bf7 29. Bc1 Kh7 30. Nf5 Bg6 31. Qh4 Bxf5 32. exf5 Rd4 33. Qh5 Rcd8 34. Bc2 Rxd1 35. Rxd1 a5 36. Bb3 Nd7 37. Bf7 Rh8 38. Bxh6 1-0

[Event "Wch U12 Girls"]
[Site "Batumi"]
[Date "2016.10.26"]
[Round "7"]
[White "Ehsani, Yassamin L"]
[Black "Zhghenti, Nino"]
[Result "1-0"]
[WhiteElo "1493"]
[BlackElo "1150"]
[PlyCount "61"]
[EventDate "2016.10.19"]
[EventType "swiss"]
[EventRounds "11"]
[EventCountry "GEO"]
[SourceTitle "EXT 2018"]
[Source "ChessBase"]
[SourceDate "2017.10.13"]
[SourceVersion "1"]
[SourceVersionDate "2017.10.13"]
[SourceQuality "1"]

1. e4 c5 2. Nc3 e6 3. f4 Nc6 4. Nf3 Be7 5. Bc4 d6 6. d3 Nf6 7. 0-0 0-0 8. Qe1 Na5 9. e5 dxe5 10. fxe5 Nd7 11. Qg3 Kh8 12. Bf4 Nxc4 13. dxc4 Qb6 14. b3 Rd8 15. Ng5 Rf8 16. Rf3 h6 17. Nge4 Kh7 18. Raf1 f5 19. exf6 Nxf6 20. Bc7 Qc6 21. Be5 Qd7 22. Ne2 Nh5 23. Qg4 Rxf3 24. Rxf3 Qe8 25. N2g3 Nf6 26. Bxf6 Bxf6 27. Rxf6 e5 28. Qf3 Qd8 29. Rd6 Qe7 30. Qd3 b6 31. Ng5+ 1-0